[Event "Mittelfranken-chTB1 1718"]
[Site "Mittelfranken"]
[Date "2018.04.22"]
[Round "8.7"]
[White "Uhlmann, Andreas"]
[Black "Pranschke, Gerd"]
[Result "1/2-1/2"]
[WhiteElo "1610"]
[BlackElo "1940"]
[PlyCount "66"]
[EventDate "2017.10.08"]
[EventType "team-tourn"]
[EventRounds "9"]
[EventCountry "GER"]
[SourceTitle "EXT 2022"]
[Source "ChessBase"]
[SourceDate "2021.10.06"]
[SourceVersion "1"]
[SourceVersionDate "2021.10.06"]
[SourceQuality "1"]
[WhiteTeam "Bechhofen"]
[BlackTeam "Nuernberg Noris Tarrasch III"]
[WhiteTeamCountry "GER"]
[BlackTeamCountry "GER"]

1. d4 Nf6 2. Nf3 g6 3. e3 Bg7 4. Bd3 d6 5. 0-0 0-0 6. b3 b6 7. Bb2 Bb7 8. c4 Nbd7 9. Nbd2 Re8 10. Qc2 e5 11. dxe5 Nxe5 12. Nxe5 dxe5 13. Rfd1 Qe7 14. Ne4 Nd7 15. Rac1 Rad8 16. c5 Nf6 17. Nxf6+ Bxf6 18. cxb6 cxb6 19. Bb5 Rxd1+ 20. Rxd1 Rd8 21. Rxd8+ Qxd8 22. Be2 Qd6 23. Qd3 Qe6 24. Qc4 Qf5 25. Qd3 Qe6 26. Qc4 Qd6 27. Qd3 Be7 28. Qxd6 Bxd6 29. f3 Bd5 30. e4 Be6 31. Kf1 Kf8 32. Bb5 f6 33. Ke2 Ke7 1/2-1/2

[Event "Mittelfranken-chTB2a 1516"]
[Site "Mittelfranken"]
[Date "2016.02.28"]
[Round "7.8"]
[White "Uhlmann, Andreas"]
[Black "Wallstabe, Antje"]
[Result "1-0"]
[WhiteElo "1615"]
[BlackElo "1719"]
[PlyCount "93"]
[EventDate "2015.10.18"]
[EventType "team-tourn"]
[EventRounds "9"]
[EventCountry "GER"]
[SourceTitle "EXT 2020"]
[Source "ChessBase"]
[SourceDate "2019.10.17"]
[SourceVersion "1"]
[SourceVersionDate "2019.10.17"]
[SourceQuality "1"]
[WhiteTeam "Bechhofen II"]
[BlackTeam "Bad Windsheim/Ansbach"]
[WhiteTeamCountry "GER"]
[BlackTeamCountry "GER"]

1. d4 d5 2. Nf3 Nf6 3. e3 e6 4. Bd3 c5 5. b3 Nc6 6. Bb2 Bd6 7. 0-0 0-0 8. Ne5 cxd4 9. exd4 Qc7 10. f4 Bd7 11. a3 a6 12. Nd2 b5 13. Rf3 g6 14. Rh3 Qa7 15. Ndf3 Nh5 16. g3 Bxe5 17. fxe5 Ng7 18. Qf1 Nf5 19. c3 f6 20. Qe2 Rae8 21. g4 fxe5 22. Nxe5 Nfe7 23. b4 Nxe5 24. Qxe5 Qb8 25. Qxb8 Rxb8 26. Rf1 Nc6 27. Re1 Rbe8 28. Rhe3 Rf7 29. Bc1 Rfe7 30. h3 e5 31. dxe5 Rxe5 32. Rxe5 Rxe5 33. Rxe5 Nxe5 34. Be2 Kf7 35. Kf2 Ke6 36. Ke3 Nf7 37. Kd4 g5 38. Bd3 Nd6 39. Bxh7 Bc6 40. Bxg5 Nc4 41. Bg8+ Kd7 42. Bc1 Nb6 43. h4 Nc8 44. Bxd5 Bxd5 45. Kxd5 Ne7+ 46. Ke4 Ke6 47. h5 1-0

[Event "Bayernliga U20 1516"]
[Site "Bayern"]
[Date "2016.02.27"]
[Round "6.2"]
[White "Schilay, Lorenz"]
[Black "Uhlmann, Andreas"]
[Result "0-1"]
[WhiteElo "1806"]
[BlackElo "1615"]
[PlyCount "46"]
[EventDate "2015.11.21"]
[EventType "team-tourn"]
[EventRounds "7"]
[EventCountry "GER"]
[SourceTitle "EXT 2022"]
[Source "ChessBase"]
[SourceDate "2021.10.06"]
[SourceVersion "1"]
[SourceVersionDate "2021.10.06"]
[SourceQuality "1"]
[WhiteTeam "Neumarkt U20"]
[BlackTeam "Bechhofen U20"]
[WhiteTeamCountry "GE2"]
[BlackTeamCountry "GER"]

1. e4 e6 2. Nc3 d5 3. Nf3 Nf6 4. e5 Nfd7 5. d4 Be7 6. Bd3 b6 7. Ne2 c5 8. c3 Ba6 9. Bxa6 Nxa6 10. 0-0 0-0 11. Be3 Nc7 12. Rc1 c4 13. b3 b5 14. bxc4 bxc4 15. Rb1 Rb8 16. Qa4 Rxb1 17. Rxb1 a6 18. Rb7 Qc8 19. Qc6 Bd8 20. Ra7 Qb8 21. Qb7 Nb5 22. Qxb8 Nxb8 23. a4 Nxa7 0-1

[Event "Bayernliga U20 1516"]
[Site "Bayern"]
[Date "2015.12.19"]
[Round "3.2"]
[White "Uhlmann, Andreas"]
[Black "Wagner, Robert"]
[Result "0-1"]
[WhiteElo "1615"]
[BlackElo "1993"]
[PlyCount "78"]
[EventDate "2015.11.21"]
[EventType "team-tourn"]
[EventRounds "7"]
[EventCountry "GER"]
[SourceTitle "EXT 2022"]
[Source "ChessBase"]
[SourceDate "2021.10.06"]
[SourceVersion "1"]
[SourceVersionDate "2021.10.06"]
[SourceQuality "1"]
[WhiteTeam "Bechhofen U20"]
[BlackTeam "Forchheim SC U20"]
[WhiteTeamCountry "GER"]
[BlackTeamCountry "GER"]

1. d4 d5 2. Nf3 c6 3. e3 Bg4 4. Bd3 Nd7 5. b3 e5 6. dxe5 Nxe5 7. Be2 Bxf3 8. Bxf3 Qf6 9. c3 Nxf3+ 10. Qxf3 Qxf3 11. gxf3 g6 12. Bb2 Bg7 13. Nd2 Ne7 14. f4 0-0-0 15. 0-0-0 Rd7 16. Nf3 Nf5 17. Rhe1 Rhd8 18. Rd2 Nd6 19. Rde2 Re8 20. Nd2 Kc7 21. Kc2 c5 22. Kc1 Kc6 23. f3 Rde7 24. Kc2 f5 25. Kc1 b5 26. a3 a5 27. Kc2 Bh6 28. Kd1 Kd7 29. Kc2 Bxf4 30. Kd1 Rxe3 31. Rxe3 Rxe3 32. Rf1 Rd3 33. Rf2 a4 34. Kc2 Rxd2+ 35. Rxd2 Bxd2 36. Kxd2 axb3 37. Kc1 Nc4 38. Kb1 Nxb2 39. Kxb2 c4 0-1

[Event "Bayernliga U20 1516"]
[Site "Bayern"]
[Date "2015.11.21"]
[Round "1.2"]
[White "Koch, Christian1111"]
[Black "Uhlmann, Andreas"]
[Result "1/2-1/2"]
[WhiteElo "1930"]
[BlackElo "1615"]
[PlyCount "85"]
[EventDate "2015.11.21"]
[EventType "team-tourn"]
[EventRounds "7"]
[EventCountry "GER"]
[SourceTitle "EXT 2022"]
[Source "ChessBase"]
[SourceDate "2021.10.06"]
[SourceVersion "1"]
[SourceVersionDate "2021.10.06"]
[SourceQuality "1"]
[WhiteTeam "Hoechstadt SC U20"]
[BlackTeam "Bechhofen U20"]
[WhiteTeamCountry "GER"]
[BlackTeamCountry "GER"]

1. e4 e6 2. Nc3 d5 3. g3 Nf6 4. Bg2 c5 5. d3 d4 6. Nce2 e5 7. f4 Nc6 8. Nf3 Bd6 9. fxe5 Nxe5 10. Nxe5 Bxe5 11. 0-0 Bg4 12. Bf4 Bxe2 13. Qxe2 Bxf4 14. Rxf4 0-0 15. Raf1 Rb8 16. g4 Qe7 17. Qf3 Ne8 18. Qg3 Rc8 19. g5 g6 20. Qh3 Rc7 21. Qh6 f6 22. gxf6 Rxf6 23. Rxf6 Nxf6 24. Qg5 Nh5 25. Qd5+ Kg7 26. Bh3 Nf6 27. Qg5 Nh5 28. Qg4 Qe8 29. Rf5 Kh8 30. Rg5 b6 31. Qe6 Qxe6 32. Bxe6 Re7 33. Bb3 Nf4 34. Rg4 Nh5 35. Kf2 Kg7 36. Rg5 Nf4 37. Kf3 h6 38. Rg1 Ne6 39. Kg4 Ng5 40. h4 Nf7 41. h5 g5 42. Rf1 Nd6 43. Bd5 1/2-1/2

[Event "Bayernliga U20 1415"]
[Site "Bayern"]
[Date "2015.01.24"]
[Round "5.2"]
[White "Koehler, Max"]
[Black "Uhlmann, Andreas"]
[Result "1/2-1/2"]
[WhiteElo "1704"]
[BlackElo "1615"]
[PlyCount "57"]
[EventDate "2014.11.15"]
[EventType "team-tourn"]
[EventRounds "7"]
[EventCountry "GER"]
[SourceTitle "EXT 2022"]
[Source "ChessBase"]
[SourceDate "2021.10.06"]
[SourceVersion "1"]
[SourceVersionDate "2021.10.06"]
[SourceQuality "1"]
[WhiteTeam "Muenchen Tarrasch U20"]
[BlackTeam "Bechhofen U20"]
[WhiteTeamCountry "GER"]
[BlackTeamCountry "GER"]

1. e4 e6 2. d4 d5 3. exd5 exd5 4. Bd3 Bd6 5. Ne2 Nf6 6. Bf4 0-0 7. 0-0 c6 8. c3 b6 9. Qc2 Bxf4 10. Nxf4 Ba6 11. Nd2 Bxd3 12. Nxd3 Nbd7 13. Nf3 Ne4 14. Nfe5 Nxe5 15. Nxe5 Qd6 16. f3 Nf6 17. Rfe1 Rfe8 18. Re2 Nd7 19. Rae1 Nxe5 20. Rxe5 Qd7 21. Qe2 Kf8 22. Kf2 f6 23. Re6 Kf7 24. Rxe8 Qxe8 25. Qxe8+ Rxe8 26. Rxe8 Kxe8 27. Ke3 Ke7 28. g3 Ke6 29. f4 1/2-1/2

[Event "Bayernliga U20 1415"]
[Site "Bayern"]
[Date "2014.12.13"]
[Round "2.3"]
[White "Tong, Kevin"]
[Black "Uhlmann, Andreas"]
[Result "1/2-1/2"]
[WhiteElo "1994"]
[BlackElo "1615"]
[PlyCount "85"]
[EventDate "2014.11.15"]
[EventType "team-tourn"]
[EventRounds "7"]
[EventCountry "GER"]
[SourceTitle "EXT 2022"]
[Source "ChessBase"]
[SourceDate "2021.10.06"]
[SourceVersion "1"]
[SourceVersionDate "2021.10.06"]
[SourceQuality "1"]
[WhiteTeam "Erlangen SC U20"]
[BlackTeam "Bechhofen U20"]
[WhiteTeamCountry "GER"]
[BlackTeamCountry "GER"]

1. e4 e6 2. d4 d5 3. Nc3 Nf6 4. Bg5 Be7 5. e5 Nfd7 6. h4 b6 7. Nh3 h6 8. Bxe7 Qxe7 9. Qg4 g6 10. Bd3 c6 11. 0-0-0 Na6 12. h5 gxh5 13. Qxh5 Bb7 14. f4 0-0-0 15. f5 f6 16. fxe6 Qxe6 17. Nf4 Qe8 18. e6 Nf8 19. Bf5 Kb8 20. Rde1 Qe7 21. Qf7 Re8 22. Bg6 Nc7 23. Nh5 Nfxe6 24. Qxf6 Qxf6 25. Nxf6 Rd8 26. Rh4 Ng5 27. Re7 Rd6 28. Nd7+ Kc8 29. Ne5 Ba6 30. Rg7 Rf6 31. Bd3 Bxd3 32. Nxd3 Nge6 33. Rg3 Rff8 34. b3 Rhg8 35. Rhg4 Rxg4 36. Rxg4 h5 37. Rh4 Rg8 38. Ne5 Kb7 39. Rxh5 Rxg2 40. Rh4 Rg5 41. Nd7 Rg6 42. Ne5 Rg5 43. Nd7 1/2-1/2

[Event "Landesliga U20 Nord 1314"]
[Site "Bayern"]
[Date "2014.02.15"]
[Round "6.3"]
[White "Stoeckl, Maximilian"]
[Black "Uhlmann, Andreas"]
[Result "0-1"]
[WhiteElo "1581"]
[BlackElo "1615"]
[PlyCount "74"]
[EventDate "2013.11.16"]
[EventType "team-tourn"]
[EventRounds "7"]
[EventCountry "GER"]
[SourceTitle "EXT 2022"]
[Source "ChessBase"]
[SourceDate "2021.10.06"]
[SourceVersion "1"]
[SourceVersionDate "2021.10.06"]
[SourceQuality "1"]
[WhiteTeam "Schwandorf U20"]
[BlackTeam "Bechhofen U20"]
[WhiteTeamCountry "GER"]
[BlackTeamCountry "GER"]

1. e4 e6 2. d4 d5 3. e5 c5 4. c3 Qb6 5. Nf3 Bd7 6. Be3 cxd4 7. cxd4 Qxb2 8. Nbd2 Qb6 9. Rb1 Qc7 10. Qb3 b6 11. Bb5 Bxb5 12. Qxb5+ Qc6 13. Qxc6+ Nxc6 14. 0-0 Nge7 15. Rfc1 g6 16. Bg5 Bg7 17. Bf6 0-0 18. Bxe7 Nxe7 19. Rc7 Rfe8 20. h3 Bf8 21. Nf1 Rec8 22. Rcc1 Rc6 23. Ne3 Rac8 24. Rxc6 Rxc6 25. Ng4 Bg7 26. Rb3 h6 27. Ra3 Rc7 28. Ra4 Kf8 29. Rb4 h5 30. Ne3 f6 31. a4 Nc6 32. Rb2 fxe5 33. dxe5 Nxe5 34. Ng5 Rc1+ 35. Kh2 Nf3+ 36. Nxf3 Bxb2 37. Ng5 Ke7 0-1

[Event "Mittelfranken-chTB2a 1213"]
[Site "Germany"]
[Date "2013.03.10"]
[Round "8.6"]
[White "Uhlmann, Andreas"]
[Black "Zimmer, Frank2222"]
[Result "0-1"]
[WhiteElo "1552"]
[BlackElo "1848"]
[PlyCount "62"]
[EventDate "2012.10.07"]
[EventType "team-tourn"]
[EventRounds "9"]
[EventCountry "GER"]
[SourceTitle "EXT 2019"]
[Source "ChessBase"]
[SourceDate "2018.10.10"]
[SourceVersion "1"]
[SourceVersionDate "2018.10.10"]
[SourceQuality "1"]
[WhiteTeam "Bechhofen II"]
[BlackTeam "Nuernberg SK 1911 II"]
[WhiteTeamCountry "GER"]
[BlackTeamCountry "GER"]

1. d4 c5 2. e3 Nf6 3. Nf3 e6 4. Bd3 d5 5. b3 Nc6 6. Bb2 cxd4 7. exd4 Bd6 8. a3 0-0 9. Ne5 Qc7 10. f4 Ne4 11. Nd2 f5 12. 0-0 a6 13. Rf3 Qe7 14. Rh3 Nxe5 15. fxe5 Bc7 16. c4 Bd7 17. Qe2 Rf7 18. Rf1 Raf8 19. Nxe4 fxe4 20. Rxf7 Rxf7 21. Bc2 Qg5 22. Rg3 Qf5 23. Rc3 Bb6 24. Rh3 Qf4 25. Rg3 Qxe5 26. Qd2 Qf6 27. Qe1 Bxd4+ 28. Bxd4 Qxd4+ 29. Kh1 Qf2 30. Qxf2 Rxf2 31. Kg1 Rxc2 0-1

[Event "Landesliga Nord 1213 U20"]
[Site "Bayern"]
[Date "2012.12.01"]
[Round "3.2"]
[White "Theiss, Karsten"]
[Black "Uhlmann, Andreas"]
[Result "1-0"]
[WhiteElo "1904"]
[BlackElo "1579"]
[PlyCount "109"]
[EventDate "2012.10.20"]
[EventType "team-tourn"]
[EventRounds "7"]
[EventCountry "GER"]
[SourceTitle "EXT 2020"]
[Source "ChessBase"]
[SourceDate "2019.10.17"]
[SourceVersion "1"]
[SourceVersionDate "2019.10.17"]
[SourceQuality "1"]
[WhiteTeam "Hoechstadt SC U20"]
[BlackTeam "Bechhofen U20"]
[WhiteTeamCountry "GER"]
[BlackTeamCountry "GER"]

1. e4 e6 2. d4 d5 3. exd5 exd5 4. Bd3 Bd6 5. Nf3 Nf6 6. Bg5 Bg4 7. Nc3 c6 8. Qe2+ Qe7 9. Qxe7+ Bxe7 10. Ne5 Nbd7 11. Nxg4 Nxg4 12. Bxe7 Kxe7 13. h3 Ngf6 14. 0-0-0 Kd6 15. Rde1 Rae8 16. Ne2 Ne4 17. Bxe4 Rxe4 18. Ng3 Rxe1+ 19. Rxe1 g6 20. Re3 f5 21. Ne2 Nf6 22. Re5 Nd7 23. Re3 Nf6 24. Nf4 Re8 25. Rxe8 Nxe8 26. Nd3 Nf6 27. f3 Ke6 28. Nc5+ Ke7 29. Nxb7 Nh5 30. g4 Nf4 31. Na5 Kd6 32. Kd2 Nxh3 33. gxf5 gxf5 34. Nb7+ Ke7 35. Na5 Kd7 36. Nb3 f4 37. Nc5+ Kd6 38. Ke2 Ng5 39. Nd3 Ne6 40. c3 h5 41. Kf2 h4 42. Kg2 Kc7 43. Kh3 Kd6 44. Kxh4 c5 45. dxc5+ Nxc5 46. Nxc5 Kxc5 47. Kg4 Kc4 48. Kxf4 d4 49. cxd4 Kxd4 50. Kg5 Ke5 51. f4+ Ke6 52. Kg6 Ke7 53. f5 Kf8 54. Kf6 Ke8 55. Kg7 1-0

[Event "Landesliga Nord 1213 U20"]
[Site "Bayern"]
[Date "2012.12.01"]
[Round "2.2"]
[White "Uhlmann, Andreas"]
[Black "Lieb, Fabian"]
[Result "0-1"]
[WhiteElo "1579"]
[BlackElo "1732"]
[PlyCount "96"]
[EventDate "2012.10.20"]
[EventType "team-tourn"]
[EventRounds "7"]
[EventCountry "GER"]
[SourceTitle "EXT 2020"]
[Source "ChessBase"]
[SourceDate "2019.10.17"]
[SourceVersion "1"]
[SourceVersionDate "2019.10.17"]
[SourceQuality "1"]
[WhiteTeam "Bechhofen U20"]
[BlackTeam "Windheim U20"]
[WhiteTeamCountry "GER"]
[BlackTeamCountry "GER"]

1. d4 Nf6 2. Nf3 g6 3. e3 Bg7 4. Be2 d6 5. b3 0-0 6. Bb2 c5 7. 0-0 Bf5 8. c4 Qc7 9. Nc3 a6 10. Bd3 Bxd3 11. Qxd3 cxd4 12. exd4 e5 13. dxe5 dxe5 14. Nd5 Nxd5 15. Qxd5 Rd8 16. Qe4 Nd7 17. Rfe1 Qa5 18. Qc2 f5 19. Rad1 e4 20. Bxg7 Kxg7 21. Ng5 Qe5 22. Rd5 Qf6 23. Red1 Nc5 24. Nh3 Nd3 25. Kf1 Rac8 26. Rxd8 Rxd8 27. Ng1 h5 28. h3 g5 29. g3 Kg6 30. Kg2 f4 31. Qe2 f3+ 32. Nxf3 exf3+ 33. Qxf3 Qxf3+ 34. Kxf3 Ne5+ 35. Ke2 Rxd1 36. Kxd1 Kf5 37. Ke2 Ke4 38. g4 hxg4 39. hxg4 Nf3 40. b4 Nd4+ 41. Kf1 Kf3 42. a4 Kxg4 43. Kg2 Kf4 44. b5 Nb3 45. bxa6 bxa6 46. a5 Nxa5 47. c5 Nc6 48. f3 a5 0-1

[Event "Nuremberg Zabo op 11th"]
[Site "Nuremberg"]
[Date "2009.09.19"]
[Round "3"]
[White "Wagner, Alexander"]
[Black "Uhlmann, Andreas"]
[Result "1-0"]
[WhiteElo "1513"]
[BlackElo "1197"]
[PlyCount "37"]
[EventDate "2009.09.18"]
[EventType "swiss"]
[EventRounds "5"]
[EventCountry "GER"]
[SourceTitle "EXT 2012"]
[Source "ChessBase"]
[SourceDate "2011.11.24"]
[SourceVersion "1"]
[SourceVersionDate "2011.11.24"]
[SourceQuality "1"]

1. e4 e5 2. Nf3 Nc6 3. Bc4 Nf6 4. d3 Bb4+ 5. c3 Ba5 6. b4 Bb6 7. a4 a5 8. b5 Ne7 9. Nxe5 d6 10. Nxf7 Qd7 11. Nxh8 d5 12. exd5 Nexd5 13. 0-0 c6 14. Ba3 Qc7 15. Re1+ Kd8 16. d4 cxb5 17. Bxb5 Bd7 18. Nf7+ Kc8 19. Bd6 1-0